| 000 | 00457cam a22001337a 4500 | ||
|---|---|---|---|
| 008 | 180718b1937 xxu||||| |||| 00| 0 eng d | ||
| 082 | _aV5x5461 In2/1936 | ||
| 100 | _aIndia. Electric Supply Enquiry Committee | ||
| 245 |
_aDelhi Electric Supply Enquiry Committee 1936: report _cElectric Supply Enquiry Committee |
||
| 260 |
_aNew Delhi _bThe author _c1937 |
||
| 300 | _a91+p. | ||
| 500 | _aChairman: James Pitkeathly | ||
| 700 | _aPitkeathly, James (Chairman) | ||
| 999 |
_c489846 _d489846 |
||